25 anos de vida artística em comum (Registo nº 4517)

Detalhes MARC
000 -Etiqueta do registo
Valores 00822nam a2200229 4500
010 ## - Número ISBN
ISBN 9789896916169
021 ## - Número do Depósito Legal
Número 424633/17
100 ## - Dados gerais de processamento
Dados gerais 20211231d2017 m y0pory50030103ba
200 1# - Titulo e menção de responsabilidade
Título próprio 25 anos de vida artística em comum
Informação de outro título narração, fotos e montagem dos autores
Primeira menção de responsabilidade Maria José Cardoso de Souza, António Villar de Souza
210 #9 - Publicação
Local de publicação Monsaraz
Nome do editor Galeria Monsaraz
Data de publicação D.L. 2017
215 ## - Descrição física 
Paginação / Volumes 126 p.
Outras indicações físicas muito il.
606 ## - Nome comum usado como assunto
ID Autoridade 4384
Palavra de ordem Mundo das Artes
Subdivisão assunto Azulejaria
675 ## - CDU
Notação 73/75Souza, Maria José Cardoso de
Edição BN
Língua por
675 ## - CDU
Notação 73/75Sousa, António Vilar de
Edição BN
Língua por
675 ## - CDU
Notação 73/75(=1:469)"19/20"
Edição BN
Língua por
700 ## - Autor principal (pessoa individual)
Apelido Sousa
Nome Maria José Cardoso de
ID Autoridade 4385
701 ## - Co-autor principal (pessoa individual)
Apelido Sousa
Nome António Vilar de
Datas 1945-
ID Autoridade 4386
801 #0 - Fonte de origem
País PT
Agência BMVN
Regras de catalogação RPC
830 ## - Notas gerais do catalogador
Criado por Tânia Croca
Data de criação 31/12/2021
990 ## - Elementos KOHA
Tipo de documento Livro
Exemplares
Situação do levantamento Biblioteca de origem Código de barras Cota Permissão de empréstimo Tipo de documento Forma de aquisição
  Biblioteca Municipal de Vendas Novas 100000020097 MA AZU/ANO   Livro  

Powered by Koha